| 000 | 00000nam 2200000zi 4500 |
| 001 | 9.945677 |
| 003 | CaOODSP |
| 005 | 20241127144840 |
| 006 | m o d f |
| 007 | cr bn||||||||| |
| 008 | 241127e197801##oncao o f000 0 eng d |
| 040 | |aCaOODSP|beng|erda|cCaOODSP |
| 043 | |an-cn--- |
| 086 | 1 |aEn36-522/149-1978E-PDF |
| 100 | 1 |aFord, J. S., |eauthor. |
| 245 | 10|aEnvironmental measuring systems recently prototyped by staff of the Engineering Services Section Canada Centre for Inland Waters, for limnological and other water research studies : |bES 514 / |cJ.S. Ford, Head. |
| 264 | 1|a[Burlington, Ont.] : |bCanada Centre for Inland Waters, |cJanuary 1978. |
| 300 | |a1 online resource (iii, 33 pages) : |billustrations, photographs. |
| 336 | |atext|btxt|2rdacontent |
| 337 | |acomputer|bc|2rdamedia |
| 338 | |aonline resource|bcr|2rdacarrier |
| 490 | 1 |aUnpublished report |
| 500 | |aCover title. |
| 500 | |aDigitized edition from print [produced by Environment and Climate Change Canada]. |
| 520 | |a"The Canada Centre for Inland Waters is a major multi-disciplinary national water resources research establishment of the Department of Fisheries and the Environment. The survey and study programs of the C.C.I.W. are concerned with water management problems of national interest"--Introduction, page ii. |
| 610 | 20|aCanada Centre for Inland Waters. |
| 610 | 26|aCentre canadien des eaux intérieures. |
| 650 | 0|aEnvironmental monitoring|zCanada|xEquipment and supplies. |
| 650 | 0|aLimnology|zCanada|xEquipment and supplies. |
| 650 | 0|aHydrological instruments|zCanada. |
| 650 | 6|aEnvironnement|xSurveillance|zCanada|xAppareils et matériel. |
| 650 | 6|aLimnologie|zCanada|xAppareils et matériel. |
| 650 | 6|aHydrologie|xInstruments|zCanada. |
| 710 | 2 |aCanada Centre for Inland Waters, |eissuing body. |
| 830 | #0|aUnpublished report (Canada Centre for Inland Waters)|w(CaOODSP)9.881827 |
| 856 | 40|qPDF|s3.93 MB|uhttps://publications.gc.ca/collections/collection_2024/eccc/en36/En36-522-149-1978-eng.pdf |